=LDR 00000nam 2200000 4500 =001 INLIS000000000020755 =005 20130612115700 =008 ***********************************Ind** =035 ##$$0010-061300000020755 =041 ##$$a Ind =082 ##$$a 658 =090 ##$$a 658, Has m =100 ##$$a Hasibuan, Melayu H =245 ##$$a Manajemen, dasar pengertian dan masalah, H. Melayu Hasibuan =260 ##$$a 2001 $b Jakarta =300 ##$$a xi, 266 hlm, 21 cm =650 ##$$a Manajemen =850 ##$$a NBPNMAT